000 00436nam a22001817a 4500
003 koha_MIRAKIL
005 20231213065250.0
008 231213b |||||||| |||| 00| 0 ||| d
020 _b978-9-75140153-3
040 _aTR-IsEVY
_btur
_cTR-IsEVY
082 _a150 AYD/A
100 _aAYDOĞMUŞ, PROF.DR.KAYIHAN.
245 0 _aANA-BABA OKULU.
260 _bREMZİ,
_c2006
300 _a256.
650 _aPsikoloji.
942 _2ddc
_cBK
999 _c713
_d713